01327cam a22003617a 4500003000500000005001700005008004100022010001000063011001000073035001000083040000900093090001000102100004400112245011700156260003900273300001900312502008900331590003700420590004100457590004100498590004100539590004100580590004200621650002100663650002900684650002800713901000700741905002300748942001000771949004100781999001700822952012600839CHAP20220329141854.0980320d1996 mx a r 00110 spa d a75099 a76071 a85648 cCHAP aTesis00aReyes Treviño, Héctor Mario.99700210aPreparación y establecimiento de césped en el área de Georgia, U.S.A.c/por Héctor Mario Reyes Treviño aMarín, N. L. :bEl autor,c1996. a32 h. :bilus. aTesis (Ing. Agr.) -- Universidad Autónoma de Nuevo León. Facultad de Agronomía aALEPHb10c20130110lUCH01h1422 aBATCH-UPDb10c20130110lUCH01h0427 aBATCH-UPDb10c20130110lUCH01h2305 aBATCH-UPDb10c20130410lUCH01h0103 aBATCH-UPDb10c20130914lUCH01h0957 aCONVERSIONb10c20130109lUCH01h134114aCésped.92433214aCynodon dactylon.93080014aPastosxGeorgia.986039 aBK aLilia Sánchez G. cTESIS bBCcTESd85648eTS1h32260i85648sb c75099d75099 00102local4051708TESISaBCbBCcPA_TESISd2019-12-31fTESISl0oTesisp85648r2019-12-31 00:00:00w2019-12-31yTESIS